000 00588nam a2200217Ia 4500
003 OSt
005 20220926040119.0
006 a|||||r|||| 00| 0
007 ta
008 220923b |||||||| |||| 00| 0 eng d
037 _cGeneral Book
040 _aRTL
_cRTL
_beng
041 _2eng
_aeng
082 _aX.2.N5, J
100 _aBanerjee J K Ed.
_9343172
245 0 _aNational political economy of Bharatiya Samajik re
260 _c1950
650 _aIndia Economic Conditions
_940151
942 _hX.2.N5, J
_cGB
_2CC
999 _c663915
_d663915